1528 1832 1036 1502 1882 1658 1357 1284 1673 1424 1596 1006 1373 1987 1198 1965 1259 1982 1963 1300 1979 1610 1211 1714 1142 1016 1160 1781 1272 1139 1128 1196 1899 1683 1663 1705 1942 1977 1209 1037 1829 1088 1077 1521 1637 1819 1764 1153 1193 1524 1820 1497 1545 1914 1163 1105 1004 1980 1063 1430 1161 1466 1265 1589 1455 1315 1342 1035 1285 1641 1900 1440 1941 1986 1921 1704 1666 1008 1789 1390 1710 1519 1516 1940 1503 1250 1326 1307 1110 1270 1710 1113 1143 1306 1719 1177 1400 1482 1249 BCNSPRNW ULIB Ver.6.0+V

เปลี่ยนเป็นภาษาไทย

Change to English
 แสดงรายละเอียดบรรณานุกรม
  กลับหน้าหลัก

Brief Record : Get Marc (ISO 2709) : E-mail record : QR code < ปิดหน้าต่าง
LEADER : 00000nam 2200000uu 4500
001    13399126210
003     ULIB
008    180726s2015||||th 000 0 tha d
020    ^a9781451194319
060    ^aWB115^bL989L
100    ^aPamela Lynn
245    ^aLippincott Photo Atlas of Medication Administration
250    ^a5th ed
260    ^aPhiladelphia :^bWolters Kluwer,^c2015
300    ^a95 pages;^b30 cm
650    ^aMedical^xAdministration
945    ^p0^l0^i26427
999    ^aกัณชพร จุลอักษร
รายการนี้ยังไม่มีแท็ก
คุณยังไม่ได้ล็อกอิน คุณสามารถมีกิจกรรมร่วมกับเว็บไซต์ได้ แต่ต้องล็อกอินก่อน ::
  ล็อกอิน

รายการสื่อสารสนเทศ

ลำดับที่ ประเภท เลขเรียก/บาร์โค้ด สถานที่ สถานะ
1. วิทยาศาสตร์การแพทย์ และสุขภาพ
วิทยาศาสตร์การแพทย์ และสุขภาพ
WB115 L989L ฉ.1 
  Barcode: 26427
ห้องสมุดวิทยาเขตนครสวรรค์
►หนังสือทั่วไป:l:General Books
บนชั้น

รายการใกล้เคียง
    ชื่อเรื่อง [Lippincott Photo Atlas of Medication Administration]

    ผู้แต่ง [Pamela Lynn]

BibComment


ยังไม่เคยถูกคอมเมนท์

คอมเมนท์ทรัพยากรรายการนี้
  คอมเมนท์: Lippincott Photo..


 Copyright 2026. Bcnsprnw @Library